No tan distintos : historias de gente con discapacidad mental /
Guardado en:
| Autor Principal: | |
|---|---|
| Formato: | Libro |
| Publicado: |
Buenos Aires :
Capital Intelectual,
2012
|
| Materias: | |
| Etiquetas: |
Agregar Etiqueta
Sin Etiquetas, Sea el primero en etiquetar este registro!
|
| LEADER | 00608nam a22001935a 4500 | ||
|---|---|---|---|
| 001 | EHU.bham045607 | ||
| 003 | AR-BHAM | ||
| 005 | 20190528082930.0 | ||
| 008 | 130507s2012##################000#0#####d | ||
| 020 | |a 9789876143561 | ||
| 082 | 3 | 6 | |a 362 |
| 100 | 1 | |a Esses, José | |
| 245 | 1 | 0 | |a No tan distintos : |b historias de gente con discapacidad mental / |c José Esses |
| 260 | |a Buenos Aires : |b Capital Intelectual, |c 2012 | ||
| 300 | |a 213 p. | ||
| 653 | |a Discapacidad mental | ||
| 653 | |a Medicina-discapacidades mentales | ||
| 653 | |a Derechos humanos | ||
| 859 | |a AR-BHAM |b BIB. HUMANIDADES - General |h 362 |i Es65 |p 3618.19 |t Ej.1 | ||
